मुक्तिबोध का साहित्यः एक अनुशीलन (Record no. 178247)
[ view plain ]
| 000 -LEADER | |
|---|---|
| fixed length control field | 00477nam a2200145Ia 4500 |
| 008 - FIXED-LENGTH DATA ELEMENTS--GENERAL INFORMATION | |
| fixed length control field | 230917s9999||||xx |||||||||||||| ||und|| |
| 040 ## - CATALOGING SOURCE | |
| -- | 168339 |
| Original cataloging agency | VIVEKANANDA LIBRARY |
| 041 ## - Language | |
| -- | English |
| 082 ## - DDC NUMBER | |
| Classification number | 891.4317109 MB896:SS |
| 100 ## - MAIN ENTRY--PERSONAL NAME | |
| Personal name | शर्मा, शशि |
| 245 #0 - TITLE STATEMENT | |
| Title | मुक्तिबोध का साहित्यः एक अनुशीलन |
| 260 ## - PUBLICATION, DISTRIBUTION, ETC. (IMPRINT) | |
| Place of publication, distribution, etc | दिल्ली |
| Name of publisher, distributor, etc | इन्द्रप्रस्थ |
| Date of publication, distribution, etc | 1977 |
| 300 ## - PHYSICAL DESCRIPTION | |
| Pages | 390 पृ. p. |
| 942 ## - ADDED ENTRY ELEMENTS (KOHA) | |
| Koha item type | Hindi Books |
| Withdrawn status | Lost status | Damaged status | Not for loan | Location (home branch) | Sublocation or collection (holding branch) | Date acquired | Koha issues (times borrowed) | Koha full call number | Accession No. | Koha date last seen | Koha item type |
|---|---|---|---|---|---|---|---|---|---|---|---|
| VIVEKANANDA LIBRARY | VIVEKANANDA LIBRARY | 26/11/2010 | 891.4317109 MB896:SS | 34031 | 17/09/2023 | Hindi Books | |||||
| VIVEKANANDA LIBRARY | VIVEKANANDA LIBRARY | 26/11/2010 | 891.4317109 MB896:SS | 34189 | 17/09/2023 | Hindi Books | |||||
| VIVEKANANDA LIBRARY | VIVEKANANDA LIBRARY | 26/11/2010 | 891.4317109 MB896:SS | 40110 | 17/09/2023 | Hindi Books |
